1341 1651 1255 1714 1022 1426 1761 1040 1862 1532 1776 1913 1280 1104 1215 1488 1566 1845 1816 1614 1479 1827 1826 1000 1672 1102 1311 1068 1983 1964 1349 1754 1590 1737 1156 1244 1390 1877 1939 1903 1411 1056 1019 1314 1298 1199 1729 1563 1552 1725 1649 1345 1040 1255 1099 1589 1162 1232 1771 1183 1824 1717 1335 1872 1578 1597 1567 1266 1163 1587 1679 1774 1821 1022 1552 1662 1587 1930 1657 1810 1398 1462 1348 1573 1250 1775 1334 1770 1554 1748 1997 1483 1788 1506 1213 1680 1723 1577 1870 BCNSPRNW ULIB Ver.6.0+V

เปลี่ยนเป็นภาษาไทย

Change to English
 แสดงรายละเอียดบรรณานุกรม
  กลับหน้าหลัก

Brief Record : Get Marc (ISO 2709) : E-mail record : QR code < ปิดหน้าต่าง
LEADER : 00000nam 2200000uu 4500
001    13399124369
003     ULIB
008    020711s2558 th a 000 0 tha d
060    WY159^bอ111
110    สถาบันสุขภาพเด็กแห่งชาติมหาราชินี.^bกลุ่มภารกิจบริการวิชาการ.
245    เอกสารประกอบการอบรมหลักสูตรระยะสั้น การพยาบาลทารกแรกเกิด /^cกลุ่มภารกิจบริการวิชาการ สถาบันสุขภาพเด็กแห่งชาติมหาราชินี
260    กรุงเทพฯ :^bสถาบันสุขภาพเด็กแห่งชาติมหาราชินี,^c2558
300    ^b30 ซม.
500     เอกสารประกอบการอบรมหลักสูตรระยะสั้น การพยาบาลทารกแรกเกิด วันที่ 23-27 มีนาคม 2558
650    การพยาบาลทารกแรกเกิด
945    ^p0^l0^i22958
999    ^aทศพร เกษรทอง
รายการนี้ยังไม่มีแท็ก
คุณยังไม่ได้ล็อกอิน คุณสามารถมีกิจกรรมร่วมกับเว็บไซต์ได้ แต่ต้องล็อกอินก่อน ::
  ล็อกอิน

รายการสื่อสารสนเทศ

ลำดับที่ ประเภท เลขเรียก/บาร์โค้ด สถานที่ สถานะ
1. Book การพยาบาล
หนังสือสำรอง
สถานะ=หนังสือสำรอง
WY159 อ111 ฉ.1 
  Barcode: 22958
ห้องสมุดวิทยาเขตนครสวรรค์
►ส่วนจัดเก็บหนังสือเก่า นว.
บนชั้น
  ขอยืม
Note: เอกสารประกอบการอบรมหลักสูตรระยะสั้น การพยาบาลทารกแรกเกิด วันที่ 23-27 มีนาคม 2558

รายการใกล้เคียง
    หัวเรื่อง [การพยาบาลทารกแรกเกิด]

BibComment


ยังไม่เคยถูกคอมเมนท์

คอมเมนท์ทรัพยากรรายการนี้
  คอมเมนท์: เอกสารประกอบการอบ..


 Copyright 2026. Bcnsprnw @Library